00578nam a22001697a 450000500170000001000130001702000260003003500110005603700130006708200070008010000210008724500760010824600640018426000520024827000870030030000210038720190620170335.0 aUR-10225 c300.00a9789388105255 aU-8780 bDBAD/PUB aن aخا ن سليم aبھيکو کسا ن کا بھا ر ت مہما ن cخا ن سليم  bBhiku Kisan ka Bharat Mahan (Novel) (Urdu)aby Salim Khan  a DelhibEducational Publishing Housec2018 ء  a3191،Vakil Street,Kucha Pandit,Lal Kuan,bDelhie110006k23216162l00911123211540 a260صc22 Cm(Hb)